MyGZULibrary

Composing a new song : (Record no. 2292)

MARC details
000 -LEADER
fixed length control field 01278cam a2200313 a 4500
001 - CONTROL NUMBER
control field 13622567
003 - CONTROL NUMBER IDENTIFIER
control field GZU
005 - DATE AND TIME OF LATEST TRANSACTION
control field 20201028122753.0
008 - FIXED-LENGTH DATA ELEMENTS--GENERAL INFORMATION
fixed length control field 040331s2002 enk b 000 0 eng d
010 ## - LIBRARY OF CONGRESS CONTROL NUMBER
LC control number 2004401791
020 ## - INTERNATIONAL STANDARD BOOK NUMBER
International Standard Book Number 1779220154
035 ## - SYSTEM CONTROL NUMBER
System control number (OCoLC)ocm54844908
040 ## - CATALOGING SOURCE
Original cataloging agency TEF
Modifying agency TEF
Transcribing agency DLC
Modifying agency DLC
042 ## - AUTHENTICATION CODE
Authentication code lccopycat
050 00 - LIBRARY OF CONGRESS CALL NUMBER
Classification number HC800
Item number .COM 2002
245 00 - TITLE STATEMENT
Title Composing a new song :
Remainder of title stories of empowerment from Africa /
Statement of responsibility, etc. Hope Chigudu, editor ; contributors, Makanjuola Olaseinde Arigbede ... [et al.].
260 ## - PUBLICATION, DISTRIBUTION, ETC.
Place of publication, distribution, etc. London :
Name of publisher, distributor, etc. Commonwealth Foundation ;
Place of publication, distribution, etc. Avondale, Zimbabwe :
Name of publisher, distributor, etc. Weaver Press ;
Place of publication, distribution, etc. Kampala, Uganda :
Name of publisher, distributor, etc. Fountain Publishers,
Date of publication, distribution, etc. c2002.
300 ## - PHYSICAL DESCRIPTION
Extent xxv, 177 p. ;
Dimensions 23 cm.
504 ## - BIBLIOGRAPHY, ETC. NOTE
Bibliography, etc. note Includes bibliographical references.
650 #0 - SUBJECT ADDED ENTRY--TOPICAL TERM
Topical term or geographic name entry element Non-governmental organizations
Geographic subdivision Africa.
651 #0 - SUBJECT ADDED ENTRY--GEOGRAPHIC NAME
Geographic name Africa
General subdivision Economic conditions
Chronological subdivision 1960-
651 #0 - SUBJECT ADDED ENTRY--GEOGRAPHIC NAME
Geographic name Africa
General subdivision Social conditions
Chronological subdivision 1960-
651 #0 - SUBJECT ADDED ENTRY--GEOGRAPHIC NAME
Geographic name Africa
General subdivision Politics and government
Chronological subdivision 1960-
700 1# - ADDED ENTRY--PERSONAL NAME
Personal name Chigudu, Hope Bagyendera.
Relator term editor
856 41 - ELECTRONIC LOCATION AND ACCESS
Materials specified Table of contents
Uniform Resource Identifier <a href="http://www.loc.gov/catdir/toc/fy045/2004401791.html">http://www.loc.gov/catdir/toc/fy045/2004401791.html</a>
906 ## - LOCAL DATA ELEMENT F, LDF (RLIN)
a 7
b cbc
c copycat
d 2
e ncip
f 20
g y-gencatlg
942 ## - ADDED ENTRY ELEMENTS (KOHA)
Source of classification or shelving scheme Library of Congress Classification
Koha item type Books
Classification part 800
Item part COM
Call number prefix HC
Holdings
Withdrawn status Lost status Source of classification or shelving scheme Damaged status Not for loan Collection code Home library Current library Shelving location Date acquired Total Checkouts Full call number Barcode Date last seen Copy number Price effective from Koha item type
    Library of Congress Classification     Non-fiction City Campus Library City Campus Library General Stacks 02/02/2005   HC800 COM 2002 B018076 10/28/2020 c. 1 10/28/2020 Books